000 00447nam a2200181Ia 4500
001 3602
005 20260306145655.0
008 260306t2009||||xx |||||||||||||| ||spa||
041 _aESP
082 _a298
_bM98A Lib I
100 _aMusavi Lari, Seyyed Mojtaba
_eAUT
245 0 _aLos fundamentos de la doctrina Islámica
260 _c2009
300 _a260 páginas :
_c21 cm.
650 _aGEN
654 _aCHU
942 _cLIB
_dJUS
_fJUS
_2ddc
_n
999 _c3602
_d3602